000 00518nmm a2200169Ia 4500
008 251105s9999||||xx |||||||||||||||||und||
020 _a9789587710434
041 _aspa
100 _aRojas Navia, Carlos Fernando
245 0 _aIndustria de la moda : producción y materiales
264 _a[Bogotá, Colombia] :
_bEcoe Ediciones,
_c2014
300 _a250 páginas
490 _aIngeniería y Arquitectura
650 _aDesign and fashion
856 _uhttps://public.digitaliapublishing.com/a/29975
942 _cCF
999 _c96123
_d96123